000 01762cam a2200277 4500500
005 20260208005001.0
041 _afre
042 _adc
100 1 0 _aBen Barka, Mokhtar
_eauthor
245 0 0 _aReligion, Religious Fanaticism and Hate Crimes in the United States
260 _c2007.
500 _a17
520 _aRésuméÀ partir d’études de cas, cet article s’attache dans un premier temps à démontrer comment, aux États-Unis, des personnes et des institutions de croyances diverses sont victimes de « crimes motivés par la haine ». Dans un deuxième temps, il s’agit de voir comment le fanatisme religieux et le racisme alimentent la haine et la violence chez certains extrémistes, qui n’hésitent pas à s’attaquer aux noirs, aux juifs et aux homosexuels. Étant donné que les actions criminelles à caractère ethnique ou religieux les plus violentes sont essentiellement commises par des mouvements d’extrême droite, tels qu’Aryan Nations ou The Order, l’auteur s’intéresse à la Christian Identity, « une théologie de haine » commune à tous ces groupes. Enfin, une partie de cette étude est consacrée à la lutte contre le « crime motivé par la haine ».
690 _acrime motivé par la haine
690 _afanatisme religieux
690 _aidentité chrétienne
690 _al'extrême droite
690 _areligion
690 _aChristian Identity
690 _ahate crime
690 _areligion
690 _areligious fanaticism
690 _athe far right
786 0 _nRevue française d’études américaines | 110 | 4 | 2007-07-30 | p. 107-121 | 0397-7870
856 4 1 _uhttps://shs.cairn.info/revue-francaise-d-etudes-americaines-2006-4-page-107?lang=en&redirect-ssocas=7080
999 _c1650034
_d1650034